| 000 | 00464 a2200181 4500 | ||
|---|---|---|---|
| 005 | 20130729111552.0 | ||
| 008 | 130729b xxu||||| |||| 00| 0 eng d | ||
| 020 | _a9788120335240 | ||
| 080 |
_a681.31:003.6 _bDES |
||
| 100 | _a Desai, Apurva A | ||
| 245 | _aComputer graphics | ||
| 260 |
_bPHI learning _c2012 _aNew Delhi |
||
| 300 | _axv, 347p. | ||
| 653 | _aComputer graphics | ||
| 653 | _aGraphics primitives | ||
| 653 | _aGraphics standards | ||
| 942 | _cBK | ||
| 999 |
_c76457 _d76456 |
||